| 000 | 01116nam0a22002531 4500 | ||
|---|---|---|---|
| 001 | rc\2881578 | ||
| 005 | 20110720125252.3 | ||
| 035 | _a(NLR Aleph) 007034378 | ||
| 090 |
_a6035026 _c6035026 |
||
| 100 | _a20110720d1931 |||y0rusy50 ca | ||
| 101 | 0 | _arus | |
| 102 | _aRU | ||
| 105 | _ay z ||||| | ||
| 200 | 1 |
_aНа лодке по северным рекам _e[Вологда-Архангельск] _fКиселев _g(Ячейка ОПТЭ Ин-та физкультуры Бауманск. район. отд-ния ОПТЭ) _gПод ред. Н. Смирнова |
|
| 210 |
_aМосква _aЛенинград _cОгиз - физкультура и туризм _d1931 _eМосква _gтип. "Искра революции" |
||
| 215 |
_a24 с. _d13×9 см |
||
| 225 | 1 |
_aБиблиотека пролетарского туриста _aСерия "Туристский опыт" |
|
| 700 | 1 |
_aКиселев _bН. Н. _gНиколай Николаевич |
|
| 702 | 1 |
_aСмирнов _bН. _4340 |
|
| 801 | 0 |
_aRU _bNLR _gpsbo |
|
| 801 | 1 |
_aRU _bELAR _2rusmarc |
|
| 852 |
_aNLR _j31-8/8822 |
||
| 942 | _cBOOK | ||
| 980 | _aNB | ||